[Event "Hoogovens"]
[Site "Wijk aan Zee"]
[Date "1997.??.??"]
[Round "13"]
[White "Timman, Jan H"]
[Black "Lautier, Joel"]
[Result "1/2-1/2"]
[WhiteElo "2630"]
[BlackElo "2630"]

1.e4 c5 2.Nf3 d6 3.Bb5+ Nd7 4.d4 Nf6 5.Nc3 cxd4 6.Qxd4 g6 7.e5 dxe5 8.Nxe5 Bg7
9.Bg5 O-O 10.O-O-O Qa5 11.Nc4 Qc7 12.Rhe1 Qxh2 13.Rxe7 Qxg2 14.Qh4 h6 15.Bxh6 Qg4
16.Qh2 Nc5 17.Bxg7 Kxg7 18.Ne3 Qh5 19.Qg3 Be6 20.Be2 Qh3 21.Qe5 Rac8 22.b4 Na6
23.Rxb7 Nb8 24.Ne4 Qh4 25.Ng5 Bxa2 26.Ng4 Rc6 27.Nxf6 Rxf6 28.Rd6 Qf4+ 29.Qxf4 Rxf4
30.Kb2 Rxf2 31.Kxa2 Kh6 32.Nxf7+ R8xf7 33.Rxf7 Rxf7 34.Bd3 Rg7 35.Kb3 Kh5
36.Be2+ Kh4 37.Rd4+ Kg3 38.b5 Nd7 39.Kb4 Kf2 40.Bd1 Ke3 41.Rd6 Ne5 42.Re6  1/2-1/2

[Event "Wil"]
[Site "Wil"]
[Date "1997.??.??"]
[Round "?"]
[White "Naef, Thomas"]
[Black "Faessler, Peter"]
[Result "1-0"]
[WhiteElo "1960"]
[BlackElo "1985"]

1.e4 c5 2.Nf3 d6 3.Bb5+ Bd7 4.Bxd7+ Nxd7 5.O-O g6 6.d4 Bg7 7.c3 Ngf6 8.Qe2 O-O
9.e5 dxe5 10.dxe5 Ng4 11.e6 Nde5 12.exf7+ Nxf7 13.Qc4 Qc8 14.Re1 Qf5 15.Nbd2 Kh8
16.Qe4 Nfe5 17.h3 Qh5 18.hxg4 Nxg4 19.Nf1 Rxf3 20.gxf3 Ne5 21.Kg2 Rf8 22.Ng3 Qxf3+
23.Qxf3 Rxf3 24.Rxe5 Rxg3+ 25.Kxg3 Bxe5+ 26.Bf4 Bf6 27.Rd1 h5 28.Rd5 b6 29.Bg5 Kg7
30.Bxf6+ Kxf6 31.f4 e6 32.Rg5 Kf7 33.Kh4 Kf6 34.Re5 a6 35.c4 Ke7 36.Kg5 Kf7
37.Re2 b5 38.cxb5 axb5 39.Re5  1-0

[Event "Wuerzburg op"]
[Site "Wuerzburg"]
[Date "1997.??.??"]
[Round "6"]
[White "Maiwald, Jens Uwe"]
[Black "Mainka, Romuald"]
[Result "1/2-1/2"]
[WhiteElo "2495"]
[BlackElo "2480"]

1.e4 c5 2.Nf3 d6 3.Bb5+ Bd7 4.Bxd7+ Nxd7 5.O-O Ngf6 6.Qe2 e6 7.b3 Be7 8.Bb2 O-O
9.c4 a6 10.d4 cxd4 11.Nxd4 Qb6 12.Rd1 Rfe8 13.Nc3 Bf8 14.Rd2 Rad8 15.Rad1 Qc7
16.Nf3 Ng4 17.h3 Nge5 18.Nd4 Nf6 19.Nc2 Ng6 20.g3 Be7 21.Qf1 Qa5 22.Qe2  1/2-1/2

[Event "Zagreb op"]
[Site "Zagreb"]
[Date "1997.??.??"]
[Round "2"]
[White "Majeric, Zoran"]
[Black "Mihalinec, Damir"]
[Result "1-0"]
[WhiteElo "2355"]
[BlackElo "2110"]

1.e4 c5 2.Nf3 d6 3.Bb5+ Bd7 4.Bxd7+ Qxd7 5.O-O g6 6.c3 Bg7 7.d4 Na6 8.Qe2 Nf6
9.e5 Nd5 10.Rd1 cxd4 11.exd6 e6 12.c4 Ndb4 13.Nxd4 O-O 14.a3 Nc6 15.Nxc6 Qxc6
16.Bg5 Nc5 17.Ra2 f6 18.Be3 Ne4 19.c5 Nxc5 20.Bxc5 Qxc5 21.Qxe6+ Kh8 22.d7 Qc2
23.Qd5 f5 24.b4 Qc7 25.Nd2 a5 26.b5 Rad8 27.Nf3 Bf6 28.Re2 Qc3 29.Re3 Qc7
30.h4 h6 31.h5 f4 32.Re6 g5 33.Ne5 Bxe5 34.b6 Qc3 35.Qxe5+ Qxe5 36.Rxe5 Kg7
37.Rxa5 Rf6 38.Rb5 Rf7 39.Rbd5 Rf6 40.Rd6 Rf5 41.Rg6+ Kh7 42.Rdd6 Ra5 43.Rxh6+ Kg7
44.Rdg6+ Kf7 45.Rh7+ Kf8 46.Rh8+ Ke7 47.Rg7+  1-0

[Event "Znojmo op-A"]
[Site "Znojmo"]
[Date "1997.??.??"]
[Round "?"]
[White "Molik, Zdenek"]
[Black "Jandovsky, Viktor"]
[Result "1/2-1/2"]
[WhiteElo "2075"]
[BlackElo "2150"]

1.e4 c5 2.Nf3 d6 3.Bb5+ Nc6 4.O-O e5 5.h3 Nf6 6.Re1 Be7 7.c3 O-O 8.d4 Qc7
9.d5 Nb8 10.Nbd2 a6 11.Bd3 b5 12.a4 c4 13.Bf1 Ra7 14.axb5 axb5 15.Rxa7 Qxa7
16.b3 cxb3 17.Bxb5 Nbd7 18.Nxb3 Nc5 19.Nxc5 Qxc5 20.Qb3 Qc7 21.Ba3 Nd7 22.Qc4 Qxc4
23.Bxc4 f5 24.Bb5 fxe4 25.Rxe4 Nf6 26.Rxe5 dxe5 27.Bxe7 Nxd5 28.Bc4 Rxf3
29.gxf3 Kf7 30.Bxd5+ Kxe7 31.Kg2 g5 32.Kg3 Kd6 33.c4 h6 34.h4 Kc5 35.hxg5 hxg5
36.Kg2 Bf5 37.Kg3 Bd7 38.Bf7 Bf5  1/2-1/2

[Event "NLD-sf"]
[Site "Enschede"]
[Date "1998.01.03"]
[Round "1"]
[White "Middelburg, Tom"]
[Black "Bosboom, Manuel"]
[Result "0-1"]
[WhiteElo "2235"]
[BlackElo "2450"]

1.e4 c5 2.Nf3 d6 3.Bb5+ Bd7 4.Bxd7+ Qxd7 5.O-O e6 6.c4 Nc6 7.d4 cxd4 8.Nxd4 Nf6
9.Nc3 Be7 10.b3 O-O 11.Bb2 a6 12.Qd2 Rfd8 13.Rad1 Rab8 14.Rfe1 h6 15.Re3 Nxd4
16.Qxd4 b5 17.cxb5 axb5 18.Qd2 b4 19.Ne2 Qb7 20.Rg3 Kf8 21.Qe3 e5 22.f3 Rbc8
23.Rc1 Qa8 24.Rxc8 Rxc8 25.Qd2 Qxa2 26.h4 Qxb3  0-1

[Event "Reggio Emilia9798 40th"]
[Site "Reggio Emilia"]
[Date "1998.01.03"]
[Round "8"]
[White "Bellini, Fabio"]
[Black "Tatai, Stefano"]
[Result "0-1"]
[WhiteElo "2415"]
[BlackElo "2385"]

1.e4 c5 2.Nf3 d6 3.Bb5+ Bd7 4.Bxd7+ Nxd7 5.O-O Ngf6 6.d3 g6 7.Nc3 Bg7 8.Ng5 h6
9.Nh3 e6 10.f4 Qc7 11.Qe2 O-O-O 12.Nb5 Qb6 13.c4 a6 14.Na3 Nb8 15.Be3 Nc6
16.Rab1 Nb4 17.Ra1 Nd7 18.Kh1 Nb8 19.f5 exf5 20.exf5 Nd7 21.fxg6 fxg6 22.Rf7 Rhg8
23.Nf4 Be5 24.Ne6 Rde8 25.Qg4 Qc6 26.d4 h5 27.Qh3 cxd4 28.Bxd4 Kb8 29.Rd1 Nc5
30.Bxe5 Rxe6 31.Bf4 Rge8 32.Qg3 Nbd3 33.h4 Ne4 34.Rxd3 Nxg3+ 35.Bxg3 Ka8
36.Kh2 Re2 37.Rff3 Rxb2 38.Bxd6 Ree2 39.Rf8+ Ka7 40.Bb8+ Kb6 41.Rd6 Rxg2+
42.Kh3 Rh2+ 43.Kg3 Rbg2+ 44.Kf4 Rxh4+ 45.Ke5 Re4+ 46.Kf6 Rf2+ 47.Kg7 Re7+  0-1

[Event "Zagreb op"]
[Site "Zagreb"]
[Date "1998.01.07"]
[Round "5"]
[White "Kristovic, Marijan"]
[Black "Bozinovic, Bogdan"]
[Result "1/2-1/2"]
[WhiteElo "2295"]
[BlackElo "2245"]

1.e4 c5 2.Nf3 d6 3.Bb5+ Bd7 4.c4 e6 5.Nc3 Nf6 6.O-O Be7 7.Re1 O-O 8.d4 cxd4
9.Nxd4 a6 10.Bxd7 Nbxd7 11.b3 Rc8 12.Bb2 Qa5 13.Rc1 Rfd8 14.a4 Ne5 15.Re3 Qb6
16.Ba1 Nfg4 17.Rg3 h5 18.h3 Bh4 19.hxg4 Bxg3 20.gxh5 Bf4 21.Rb1 Qc5 22.Nce2 Bh6
23.g3 Nc6 24.Nf4 Nxd4 25.Bxd4 Qc6 26.Qf3 Qd7 27.Rd1 b5 28.cxb5 axb5 29.a5 b4
30.Bb6 Re8 31.Qg4 Qc6 32.Rd4 Qc1+ 33.Kg2 Rc3 34.Rxb4 Qe1 35.Qe2 Rxg3+ 36.fxg3 Qxb4
37.Qc2 Bxf4 38.gxf4 Qb5 39.Kg3 Qxh5 40.Qc6 f5 41.exf5 exf5 42.Qd5+ Kh7 43.Qf3 Qg6+
44.Kf2 d5 45.Qh1+ Kg8 46.Qxd5+ Kh7 47.Qh1+ Kg8 48.Qd5+ Kh7 49.Qh1+  1/2-1/2

[Event "DEN-chT 9798"]
[Site "Denmark"]
[Date "1998.01.11"]
[Round "4"]
[White "Larsen, Karsten"]
[Black "Poulsen, Allan"]
[Result "1/2-1/2"]
[WhiteElo "2175"]
[BlackElo "2320"]

1.e4 c5 2.Nf3 d6 3.Bb5+ Bd7 4.Bxd7+ Qxd7 5.O-O Nc6 6.c3 Nf6 7.d4 Nxe4 8.d5 Ne5
9.Nxe5 dxe5 10.Re1 Nd6 11.Rxe5 g6 12.Bg5 O-O-O 13.Re1 Nf5 14.c4 Bg7 15.Nc3 h6
16.Bf4 g5 17.Be5 f6 18.Bg3 Nxg3 19.hxg3 f5 20.Qb3 f4 21.Qa3 Bxc3 22.Qxc5+ Qc7
23.Qxc7+ Kxc7 24.bxc3 fxg3 25.Rxe7+ Rd7 26.Rxd7+ Kxd7 27.fxg3 Rc8 28.Rb1 b6
29.Rb4 Kd6 30.Kf2 Re8 31.a4 Kc5 32.a5 bxa5 33.Rb7 Kxc4 34.Rxa7 Kxc3 35.Rxa5 Kd4
36.d6 Rd8 37.Kf3 Rxd6 38.Kg4 Ke3 39.Re5+ Kf2 40.Kh3 Rf6 41.Ra5 g4+ 42.Kxg4 Rg6+
43.Kh4 Kxg2 44.g4 Rb6 45.Ra3 Rc6 46.Kh5 Rb6 47.Ra7 Kg3 48.Ra3+  1/2-1/2

[Event "Excelsior Cup"]
[Site "Gothenburg"]
[Date "1998.01.11"]
[Round "5"]
[White "Brynell, Stellan"]
[Black "Svensson, Bengt"]
[Result "1/2-1/2"]
[WhiteElo "2465"]
[BlackElo "2385"]

1.e4 c5 2.Nf3 d6 3.Bb5+ Nd7 4.d4 Nf6 5.Nc3 a6 6.Bxd7+ Nxd7 7.O-O e6 8.dxc5 Nxc5
9.Bg5 Qc7 10.Qd4 f6 11.Be3 Be7 12.a4 b6 13.Qc4 Bd8 14.Nd4 O-O 15.f4 Qf7 16.Rad1 Re8
17.Qa2 Bb7 18.f5 e5 19.Qxf7+ Kxf7 20.Nde2 Nxe4 21.Nxe4 Bxe4 22.Rxd6 Bxc2
23.Nc3 Rb8 24.Rf2 Bb3 25.Rfd2 Be7 26.Rxb6 Rxb6 27.Bxb6 Rb8 28.a5 Ke8 29.Kf2 Rc8
30.Ne4 Rc2 31.Ke3 Rxd2 32.Kxd2 Bd5 33.Kd3 Kd7 34.g4 Kc6 35.h4 h6 36.Be3 Bb4
37.g5 hxg5 38.hxg5 Bxa5 39.gxf6 Bxe4+ 40.Kxe4 gxf6 41.Bf2 Bb4 42.Bh4 Be7
43.Be1 Kc5 44.b3 Kc6  1/2-1/2

[Event "Zagreb op"]
[Site "Zagreb"]
[Date "1998.01.11"]
[Round "9"]
[White "Kristovic, Marijan"]
[Black "Milasin, Miljenko"]
[Result "1-0"]
[WhiteElo "2295"]
[BlackElo "2295"]

1.e4 c5 2.Nf3 d6 3.Bb5+ Bd7 4.a4 Nc6 5.c3 Nf6 6.Qe2 e5 7.h3 Be7 8.O-O O-O
9.Rd1 Qc7 10.d3 h6 11.Bxc6 Qxc6 12.c4 Rae8 13.Nc3 Qc8 14.Nh2 Nh7 15.Ng4 f5
16.exf5 Bxf5 17.f3 h5 18.Ne3 Bg6 19.Ned5 Bg5 20.Ne4 Qd8 21.Bxg5 Nxg5 22.Nxg5 Qxg5
23.Nc7 Re7 24.Nb5 Ref7 25.Rf1 Qf4 26.Kh1 Rd7 27.Nxa7 d5 28.Rad1 Rfd8 29.Rfe1 dxc4
30.dxc4 Rxd1 31.Rxd1 Rxd1+ 32.Qxd1 Qxc4 33.Nb5 Kh7 34.Nd6 Qb4 35.b3 b6 36.Nc4 Qc3
37.Nxb6 Bc2 38.Qd8 Bxb3 39.Qg5 Qa1+ 40.Kh2 Bf7 41.Qe7 Bg6 42.Qxc5 Be8 43.a5 h4
44.Qb4 Kg8 45.Nd5 Qd4 46.Qxd4 exd4 47.Kg1 Kf7 48.a6 Bc6 49.Nc7 d3 50.Kf2 Kf6
51.a7 Ke5 52.Ke3 g5  1-0

[Event "Hoogovens"]
[Site "Wijk aan Zee"]
[Date "1998.01.16"]
[Round "1"]
[White "Timman, Jan H"]
[Black "Anand, Viswanathan"]
[Result "1/2-1/2"]
[WhiteElo "2635"]
[BlackElo "2770"]

1.e4 c5 2.Nf3 d6 3.Bb5+ Bd7 4.Bxd7+ Qxd7 5.c4 Nc6 6.O-O g6 7.d4 cxd4 8.Nxd4 Bg7
9.Be3 Nh6 10.Nxc6 bxc6 11.Bd4 e5 12.Bc3 O-O 13.Nd2 f5 14.Qa4 Rf7 15.Rad1 d5
16.cxd5 cxd5 17.Qxd7 Rxd7 18.exd5 Rxd5 19.Nc4  1/2-1/2

[Event "CZE-chT 9798"]
[Site "CZE"]
[Date "1998.01.17"]
[Round "5"]
[White "Velicka, Petr"]
[Black "Dydyshko, Viacheslav"]
[Result "1/2-1/2"]
[WhiteElo "2430"]
[BlackElo "2485"]

1.e4 c5 2.Nf3 d6 3.Bb5+ Bd7 4.Bxd7+ Qxd7 5.c4 Nc6 6.d4 cxd4 7.Nxd4 g6 8.Nc3 Bg7
9.Nde2 Nf6 10.O-O O-O 11.f3 a6 12.a4 Qc7 13.Kh1 e6 14.Bg5 Rfd8 15.Rb1 h6
16.Bh4 Nb4 17.Rc1 Rac8 18.Qd2 Qb6 19.Bf2 Qc7 20.Nb5 Qa5 21.Nxd6 Ne8 22.c5 b6
23.Be1 bxc5 24.Nxc8 Rxd2 25.Bxd2 Bxb2 26.Ne7+ Kf8 27.Rb1 Kxe7 28.Rxb2 Qxa4
29.Bxh6 a5 30.Be3 Nd3 31.Rbb1 c4 32.Ra1 Qc2 33.Nd4 Qc3 34.Rxa5 e5 35.Ra7+ Kf6
36.Ne2 Qb2 37.Nc1 Kg7 38.Nxd3 cxd3 39.Raa1 Nd6 40.Rad1 Qb3 41.Rb1 Qa2 42.Ra1 Qb3
43.Rfb1  1/2-1/2

[Event "CZE-chT 9798"]
[Site "CZE"]
[Date "1998.01.17"]
[Round "5"]
[White "Blatny, Pavel"]
[Black "Babula, Vlastimil"]
[Result "0-1"]
[WhiteElo "2560"]
[BlackElo "2555"]

1.e4 c5 2.Nf3 d6 3.Bb5+ Nc6 4.O-O Bd7 5.Re1 Nf6 6.b3 a6 7.Bf1 Bg4 8.d3 e6
9.h3 Bh5 10.Bb2 Be7 11.Nbd2 O-O 12.g3 Nd7 13.Bg2 Bf6 14.c3 b5 15.g4 Bg6 16.d4 Rc8
17.a3 Nb6 18.Nf1 a5 19.Ng3 a4 20.Bf1 Na5 21.e5 Be7 22.b4 cxb4 23.cxb4 Nb3
24.Ra2 Nc4 25.Qe2 Qb6 26.h4 h6 27.h5 Bh7 28.Ne4 dxe5 29.dxe5 Rfd8 30.Bg2 Nxb2
31.Qxb2 Rc4 32.Nfd2 Nxd2 33.Nxd2 Rxg4 34.Qc3 Bf5 35.Ne4 Qb8 36.Ng3 Rd3 37.Qc6 Rc4
38.Qa8 Qxa8 39.Bxa8 Bg4 40.Ne4 Bxh5 41.Ng3 Bf3 42.Bxf3 Rxf3 43.Rd1 Rcc3 44.Rd7 Bg5
45.Ne4 Rxa3 46.Rc2 Rab3 47.Nd6 Rxb4 48.Rc8+ Kh7 49.Nxf7 Bh4  0-1

[Event "Virginia op"]
[Site "Fredericksburg"]
[Date "1998.01.17"]
[Round "3"]
[White "French, George"]
[Black "Kaufman, Larry C"]
[Result "0-1"]
[WhiteElo "2185"]
[BlackElo "2415"]

1.e4 c5 2.Nf3 d6 3.Bb5+ Nc6 4.O-O Bd7 5.Re1 Nf6 6.Bxc6 Bxc6 7.e5 dxe5 8.Nxe5 Qd5
9.Nxc6 Qxc6 10.Nc3 e6 11.d3 Be7 12.Qe2 O-O 13.Bf4 Rad8 14.Rad1 Rfe8 15.Ne4 Nd5
16.Bg3 Qa6 17.Qd2 h6 18.Nc3 Bg5 19.f4 Bf6 20.Bf2 Nxc3 21.bxc3 Qa5 22.Re4 Bxc3
23.Qe2 Bd4 24.f5 Bxf2+ 25.Kxf2 Qxa2 26.f6 gxf6 27.Kg1 Qb2 28.Qh5 f5 29.Rh4 Qf6
30.Rh3 Kh7 31.Qf3 b6 32.Kh1 Rg8 33.Qb7 e5 34.Rf1 Rg6 35.Rhf3 f4 36.Qxa7 Rdg8
37.R3f2 R8g7 38.Qb7 Qc6 39.Qxc6 Rxc6 40.g3 fxg3 41.hxg3 Kg8 42.Rf5 Re6 43.Kh2 e4
44.dxe4 Rxe4 45.Rf6 Re2+ 46.Kh3 Re3 47.Rxb6 Rexg3+ 48.Kh4 Rg2 49.Kh3 R7g3+
50.Kh4 Rg6 51.Rb8+ Kg7 52.Kh3 Rxc2 53.Rb7 Rf6 54.Rg1+ Kh7 55.Rb8 Rc3+ 56.Kh4 Rf4+  0-1

[Event "Hoogovens-B"]
[Site "Wijk aan Zee"]
[Date "1998.01.21"]
[Round "2"]
[White "Kuijf, Marinus"]
[Black "Van den Doel, Erik"]
[Result "1/2-1/2"]
[WhiteElo "2460"]
[BlackElo "2485"]

1.e4 c5 2.Nf3 d6 3.Bb5+ Bd7 4.Bxd7+ Qxd7 5.c4 Nc6 6.O-O g6 7.d4 cxd4 8.Nxd4 Bg7
9.Be3 Nf6 10.f3 O-O 11.Nc3 Rfc8 12.b3 a6 13.Nxc6 Qxc6 14.a4 Ng4 15.Bd4 Ne3
16.Bxe3 Bxc3 17.Rc1 Bb2 18.Rc2  1/2-1/2

[Event "Ubeda op"]
[Site "Ubeda"]
[Date "1998.01.22"]
[Round "3"]
[White "Minasian, Ara"]
[Black "Pelletier, Yannick"]
[Result "0-1"]
[WhiteElo "2440"]
[BlackElo "2515"]

1.e4 c5 2.Nf3 d6 3.Bb5+ Bd7 4.Bxd7+ Nxd7 5.c4 Ngf6 6.Nc3 Ne5 7.O-O e6 8.Ne1 Be7
9.f4 Nc6 10.Nc2 O-O 11.Ne3 a6 12.d3 Nd7 13.Bd2 Re8 14.Kh1 Qb8 15.Qh5 Nf6
16.Qh3 b5 17.b3 Nd4 18.Rae1 Nd7 19.f5 Qd8 20.Ng4 Bg5 21.Bxg5 Qxg5 22.f6 h5
23.Nf2 Nxf6 24.e5 dxe5 25.Nfe4 Nxe4 26.Nxe4 Qg4 27.Qxg4 hxg4 28.Nd6 Re7 29.Rxe5 Rc7
30.Ne4 Rac8 31.Rf4 f6 32.Rxc5 Rxc5 33.Nxc5 e5 34.Rxd4 exd4 35.Nxa6 bxc4 36.bxc4 Ra8
37.Nb4 Ra4 38.Nc6 Rxa2 39.Kg1 Ra3 40.Nxd4 Rxd3 41.Nf5 Rc3 42.Kf2 Rxc4 43.Kg3 Re4
44.Nd6 Re2 45.Nf5 Kh7  0-1

[Event "Ubeda op"]
[Site "Ubeda"]
[Date "1998.01.24"]
[Round "5"]
[White "Yagupov, Igor"]
[Black "Pelletier, Yannick"]
[Result "0-1"]
[WhiteElo "2450"]
[BlackElo "2515"]

1.e4 c5 2.Nf3 d6 3.Bb5+ Bd7 4.Bxd7+ Nxd7 5.O-O Ngf6 6.Qe2 Rc8 7.b3 g6 8.Bb2 Bg7
9.c4 O-O 10.d4 cxd4 11.Nxd4 a6 12.Nc3 Re8 13.Rad1 Qa5 14.Nd5 e6 15.Bc3 Qd8
16.Nxf6+ Bxf6 17.Qf3 Qc7 18.Bb4 Be7 19.Qg3 Nc5 20.Rfe1 Bf8 21.h4 h5 22.Nf3 b5
23.cxb5 axb5 24.Ng5 Qa7 25.Rd2 Rc6 26.Re3 Qe7 27.e5 dxe5 28.Rc3 Rec8 29.Rdc2 Qd7
30.Qf3 f5 31.Qe2 R6c7 32.Ba5 b4 33.Bxb4 e4 34.Ba5 Rc6 35.Qb5 Qd1+ 36.Qf1 Qd5
37.Qc4 Bg7 38.Rg3 Nb7 39.Qxd5 exd5 40.Rxc6 Rxc6 41.Bd2 Be5 42.f4 Bf6 43.a4 Rc2
44.Bb4 d4 45.Kf1 Nd8 46.Bd6 d3 47.Be5 Rc1+  0-1

[Event "RUS-Cup02"]
[Site "Moscow"]
[Date "1998.01.25"]
[Round "5"]
[White "Bologan, Viktor"]
[Black "Fedorov, Alexei"]
[Result "0-1"]
[WhiteElo "2580"]
[BlackElo "2595"]

1.e4 c5 2.Nf3 d6 3.Bb5+ Nd7 4.d4 Nf6 5.O-O a6 6.Bxd7+ Nxd7 7.dxc5 Nxc5 8.Nc3 e6
9.Bg5 Qc7 10.a4 b6 11.Re1 Nd7 12.Nd4 Ne5 13.Qh5 h6 14.Rad1 Rg8 15.Bc1 g5
16.Re3 Bd7 17.Rg3 Rg6 18.h4 g4 19.Bf4 Qc5 20.Nf5 exf5 21.Nd5 Qxc2 22.Re1 Rc8
23.Nxb6 Rc6 24.Nxd7 Kxd7 25.Qxf5+ Ke7 26.Rc1 Qxc1+ 27.Bxc1 Rxc1+ 28.Kh2 Rf6
29.Qh7 Rxf2 30.Rc3 Rxc3 31.bxc3 Rc2 32.Qf5 Rxc3 33.Qf1 Rc6 34.Qb1 Kf6 35.Qb8 Kg7
36.Qe8 Rc4 37.a5 Rc5 38.Qd8 Nc4 39.Qd7 h5 40.Qa4 Be7  0-1

[Event "Europe vs Americas"]
[Site "Mermaid Beach"]
[Date "1998.01.27"]
[Round "2"]
[White "Ashley, Maurice"]
[Black "Relange, Eloi"]
[Result "0-1"]
[WhiteElo "2500"]
[BlackElo "2490"]

1.e4 c5 2.Nf3 d6 3.Bb5+ Bd7 4.Bxd7+ Nxd7 5.d4 cxd4 6.Qxd4 Ngf6 7.Nc3 g6 8.Be3 Bg7
9.O-O O-O 10.Qb4 Ng4 11.Bg5 h6 12.Bd2 b6 13.Rac1 Rc8 14.Nd5 e6 15.Ne3 Ngf6
16.Rfd1 Nc5 17.e5 Nfe4 18.exd6 Qxd6 19.Nc4 Qc7 20.Qa3 Nxf2 21.Re1 Ng4 22.h3 Nf6
23.Be3 Nd5 24.Bf2 Qf4 25.Nce5 a5 26.c4 Nb4 27.Bxc5 bxc5 28.Qxa5 Bxe5 29.Nxe5 Qd4+
30.Kh1 Qxb2 31.a3 Nc6 32.Qxc5 Nxe5 33.Qxe5 Qxa3 34.c5 Rfd8 35.Rc3 Qb2 36.Qg3 Rd5
37.Rec1 Rc6 38.Qe3 Qd2 39.Qg3 Kg7 40.R3c2 Qd4 41.Rc4 Qe5 42.Qf2 Kg8 43.Rf1 Qc7
44.Rfc1 Qd7 45.Rb4 Rdxc5 46.Rb8+ Kg7 47.Qb2+ e5 48.Rf1 Qd5 49.Re8 Re6 50.Rb8 Rf6
51.Re1 Qc6 52.Qa3 Rf2 53.Qg3 Qf6 54.Re4 Rcc2 55.Qxe5 Qxe5 56.Rxe5 Rxg2  0-1

[Event "Anibal op 5th"]
[Site "Linares"]
[Date "1998.01.28"]
[Round "9"]
[White "Narciso Dublan, Marc"]
[Black "Istratescu, Andrei"]
[Result "1/2-1/2"]
[WhiteElo "2455"]
[BlackElo "2575"]

1.e4 c5 2.Nf3 d6 3.Bb5+ Bd7 4.Bxd7+ Qxd7 5.O-O Nf6 6.Re1 Nc6 7.b3 g6 8.Bb2 Bg7
9.c4 O-O 10.Nc3 Ng4 11.Rb1 Nge5 12.Nxe5 dxe5 13.Qe2 Rfd8 14.Red1 b6 15.d3 e6
16.Bc1 a6 17.Be3 Bf8 18.Qg4 Kh8 19.Qg3 f5 20.exf5 gxf5 21.Qh3 Be7 22.Ne2 Rg8
23.f4 Bf6 24.fxe5 Bxe5 25.Rd2 Rg4 26.Rf1 Rag8 27.Nf4 Qe7 28.g3 Bd4 29.Re2 Be5
30.Qh6 Re8 31.Rfe1 Bc3 32.Bd2 Bxd2 33.Rxd2 Nd4 34.Rf2 Qf7 35.Nh5 Rf8  1/2-1/2

[Event "Hoogovens-B"]
[Site "Wijk aan Zee"]
[Date "1998.01.30"]
[Round "10"]
[White "Shaked, Tal"]
[Black "Alterman, Boris"]
[Result "1/2-1/2"]
[WhiteElo "2535"]
[BlackElo "2615"]

1.e4 c5 2.Nf3 d6 3.Bb5+ Bd7 4.Bxd7+ Qxd7 5.c4 Nc6 6.Nc3 Nf6 7.O-O e6 8.d4 cxd4
9.Nxd4 Be7 10.Be3 O-O 11.Qe2 Rac8 12.Rad1 a6 13.b3 Qc7 14.f4 Qa5 15.Nxc6 bxc6
16.Bd2 Qb6+ 17.Kh1 Rcd8 18.f5 exf5 19.Rxf5 Nd7 20.Na4 Qb7 21.Bc3 g6 22.Rff1 Qc8
23.Qe3 Ne5 24.c5 Qe6 25.h3  1/2-1/2

[Event "Europe vs Americas"]
[Site "Mermaid Beach"]
[Date "1998.02.01"]
[Round "7"]
[White "Ashley, Maurice"]
[Black "Gormally, Daniel"]
[Result "1/2-1/2"]
[WhiteElo "2500"]
[BlackElo "2415"]

1.e4 c5 2.Nf3 d6 3.Bb5+ Nd7 4.d4 cxd4 5.Qxd4 Nf6 6.Bg5 a6 7.Bxd7+ Nxd7 8.Nc3 Qa5
9.O-O-O e6 10.Bh4 f6 11.Bg3 Ne5 12.Nd2 b5 13.f4 Nc6 14.Qe3 Be7 15.e5 dxe5
16.fxe5 f5 17.Bf4 O-O 18.Rhg1 b4 19.Nb3 Qc7 20.Na4 Na5 21.g4 Bd7 22.gxf5 Rxf5
23.Nac5 Nxb3+ 24.Nxb3 Rc8 25.Rd2 Be8 26.Qg3  1/2-1/2

[Event "Novak Nikolic mem 1st"]
[Site "Belgrade"]
[Date "1998.02.08"]
[Round "3"]
[White "Mirkovic, Slobodan"]
[Black "Popchev, Milko"]
[Result "1/2-1/2"]
[WhiteElo "2380"]
[BlackElo "2455"]

1.e4 c5 2.Nf3 d6 3.Bb5+ Bd7 4.Bxd7+ Qxd7 5.O-O g6 6.c3 Bg7 7.d4 Na6 8.Re1 Rc8
9.Bf4 Nf6 10.e5 Nh5 11.exd6 e6 12.Ne5 Bxe5 13.Bxe5 O-O 14.g4 Ng7 15.dxc5 f6
16.Bg3 Nxc5 17.c4 Qc6 18.Nc3 Nd7 19.b3 a6 20.a4 Rcd8 21.Rc1 a5 22.Nb5 Nc5
23.Re3 Rd7 24.Qf3 e5 25.Qd5+ Qxd5 26.cxd5 b6 27.g5 Nf5 28.Rf3 Nxd6 29.Nxd6 Rxd6
30.Rxf6 Rfxf6 31.Bxe5 Rf5 32.Bxd6 Rxg5+ 33.Kf1 Rxd5 34.Bxc5 bxc5 35.Ke2 Kf7
36.Rc4 Ke6 37.Ke3 Rh5 38.h4 Kd5 39.Rg4 Re5+ 40.Kd3  1/2-1/2

[Event "Masters 14th"]
[Site "Caldas de Felgueira"]
[Date "1998.02.08"]
[Round "2"]
[White "Rocha, Sergio"]
[Black "Leonardo, Joao"]
[Result "1/2-1/2"]
[WhiteElo "2420"]
[BlackElo "2290"]

1.e4 c5 2.Nf3 d6 3.Bb5+ Nd7 4.c4 e5 5.Nc3 a6 6.Ba4 Nf6 7.a3 Be7 8.b4 O-O
9.d3 b6 10.O-O a5 11.Bc6 Rb8 12.Rb1 Bb7  1/2-1/2

[Event "CZE-chT 9798"]
[Site "CZE"]
[Date "1998.02.08"]
[Round "7"]
[White "Michalek, Jan"]
[Black "Hajek, Michal"]
[Result "1-0"]
[WhiteElo "2285"]
[BlackElo "2310"]

1.e4 c5 2.Nf3 d6 3.Bb5+ Bd7 4.Bxd7+ Nxd7 5.d4 g6 6.O-O Bg7 7.c3 Qb6 8.h3 Rd8
9.Qa4 Qc6 10.Qxc6 bxc6 11.Be3 cxd4 12.Nxd4 Ne5 13.Nd2 c5 14.N4b3 Nf6 15.Na5 O-O
16.Rab1 Rd7 17.Rfd1 Rb8 18.f3 Rb5 19.b4 cxb4 20.cxb4 Nd3 21.Nc6 Nh5 22.a4 Rbb7
23.Nc4 Ndf4 24.Rd2 Bc3 25.Rc2 d5 26.N4a5 Rbc7 27.g3 Nxh3+ 28.Kg2 d4 29.Kxh3 dxe3
30.Rxc3 e2 31.Re1 Rd2 32.Re3 Rc2 33.b5 Ra2 34.R1xe2 Rxa4 35.Rd3  1-0

[Event "Masters 14th"]
[Site "Caldas de Felgueira"]
[Date "1998.02.12"]
[Round "6"]
[White "Rocha, Sergio"]
[Black "Ribeiro, Fernando"]
[Result "1-0"]
[WhiteElo "2420"]
[BlackElo "2360"]

1.e4 c5 2.Nf3 d6 3.Bb5+ Bd7 4.Bxd7+ Qxd7 5.O-O Nc6 6.c4 g6 7.Nc3 Bg7 8.a3 e6
9.b4 Nge7 10.Qb3 O-O 11.Bb2 Rad8 12.Ne2 e5 13.Nc3 f5 14.d3 Nd4 15.Nxd4 cxd4
16.Nd5 fxe4 17.dxe4 Nxd5 18.cxd5 Bh6 19.Qd3 Rc8 20.g3 Qa4 21.Bc1 Rc3 22.Qe2 Bxc1
23.Rfxc1 Rxa3 24.Qb2 Rxa1 25.Rxa1 Qb5 26.Rxa7 Rc8 27.Qd2 Kg7 28.h4 h6 29.Kg2 Rc4
30.h5 Rxb4 31.Qc2 Qc5 32.Qa2 gxh5 33.Ra8 d3 34.Rd8 Qc4 35.Qa8 Qxe4+ 36.Kh2 Qxd5
37.Rd7+ Kg6 38.Qf8  1-0

[Event "Rishon Le Ziyyon 9798"]
[Site "Rishon Le Ziyyon"]
[Date "1998.02.16"]
[Round "3"]
[White "Finkel, Alexander"]
[Black "Tyomkin, Dimitri"]
[Result "1/2-1/2"]
[WhiteElo "2470"]
[BlackElo "2390"]

1.e4 c5 2.Nf3 d6 3.Bb5+ Bd7 4.Bxd7+ Qxd7 5.O-O Nc6 6.d4 cxd4 7.Nxd4 Nf6 8.Nc3 e6
9.f4 Be7 10.Kh1 O-O 11.Be3 Rac8 12.Qf3 Nxd4 13.Bxd4 b5 14.a3 a5 15.Rad1 b4
16.e5 bxc3 17.exf6 Bxf6 18.Bxf6 gxf6 19.b3 Kh8 20.f5 Rc5 21.Qg3 Rg8 22.Qh4 Rg5
23.fxe6 Qxe6  1/2-1/2

[Event "Masters"]
[Site "Bunratty"]
[Date "1998.02.21"]
[Round "2"]
[White "Ryan, Joseph"]
[Black "Rowson, Jonathan"]
[Result "1/2-1/2"]
[WhiteElo "2280"]
[BlackElo "2485"]

1.e4 c5 2.Nf3 d6 3.Bb5+ Nd7 4.d4 Nf6 5.Nc3 cxd4 6.Qxd4 e6 7.Bg5 Be7 8.O-O O-O
9.Rad1 Nc5 10.Bxf6 gxf6 11.Rfe1 a6 12.Bf1 Nd7 13.Qe3 Kh8 14.Nd4 Rg8 15.f4 Qf8
16.Kh1 Bd8 17.Nce2 b5 18.f5 Bb6 19.Qh3 Ne5 20.Qh4 Qe7 21.Nf4 Ng4 22.h3 Ne5
23.Nh5 Rg5 24.Be2 Bb7 25.Nf3 Nxf3 26.Bxf3 Rc8 27.c3 Rc4 28.Qf4 e5 29.Qd2 Bc7
30.b3 Rc5 31.h4 Rg8 32.Qh6 Bd8 33.Rd3 Qf8 34.Qxf8 Rxf8 35.Red1 Be7 36.Ng3  1/2-1/2

[Event "CZE-chT 9798"]
[Site "CZE"]
[Date "1998.03.07"]
[Round "8"]
[White "Oral, Tomas"]
[Black "Babula, Vlastimil"]
[Result "1-0"]
[WhiteElo "2455"]
[BlackElo "2555"]

1.e4 c5 2.Nf3 d6 3.Bb5+ Nc6 4.Bxc6+ bxc6 5.O-O Bg4 6.d3 e6 7.Nbd2 Nf6 8.e5 dxe5
9.Qe1 Bxf3 10.Nxf3 c4 11.dxc4 e4 12.Nd2 Qd4 13.Qe2 Rd8 14.Nb3 Qe5 15.f4 Qc7
16.Bd2 Rd7 17.Bc3 Be7 18.Kh1 O-O 19.Bxf6 Bxf6 20.Nc5 Rdd8 21.c3 Be7 22.Nxe4 h6
23.Qf3 Rd7 24.f5 exf5 25.Qxf5 g6 26.Nf6+ Bxf6 27.Qxf6 Rd2 28.Rf2 Rxf2 29.Qxf2 Re8
30.h3 Re4 31.Re1 Qf4 32.Qxf4 Rxf4 33.Re7 a5 34.Ra7 Rf2 35.b4 axb4 36.cxb4 Rb2
37.b5 cxb5 38.cxb5 Rb4 39.a4 Kf8 40.Ra6 Ke7 41.b6 Kd7 42.Ra7+ Kc8 43.a5 Rb5
44.Rxf7 Rxa5 45.Rg7 Rg5 46.Kh2 h5 47.h4 Rg4 48.g3 Kb8 49.Kg2 Kc8 50.Kf2 Kb8
51.Rf7 Rb4 52.Rf6 g5 53.hxg5 Rg4 54.Rf5 Kb7 55.Rb5 Re4 56.g6 Rg4 57.Rxh5 Kc6
58.Rh6  1-0

[Event "Budapest FS03 IM"]
[Site "Budapest"]
[Date "1998.03.08"]
[Round "2"]
[White "Todorov, Todor"]
[Black "Bordas, Gyula"]
[Result "1-0"]
[WhiteElo "2405"]
[BlackElo "2165"]

1.e4 c5 2.Nf3 d6 3.Bb5+ Bd7 4.Bxd7+ Qxd7 5.O-O Nc6 6.c3 Nf6 7.d4 cxd4 8.cxd4 d5
9.e5 Ng8 10.Nc3 e6 11.Bg5 Nge7 12.Rc1 Nf5 13.g4 h6 14.Bf4 Nfe7 15.Ne1 Ng6
16.Bg3 Rc8 17.Ne2 h5 18.h3 Be7 19.f4 hxg4 20.hxg4 Nh4 21.Ng2 Nxg2 22.Kxg2 g6
23.Rc3 Na5 24.Qd3 a6 25.f5 gxf5 26.gxf5 Bg5 27.fxe6 Qxe6 28.Rxc8+ Qxc8 29.Rf5 Rg8
30.Qf3 Qe6 31.b3 Nc6 32.Qd3 Nb4 33.Qb1 Nxa2 34.Rxg5 Rxg5 35.Qxa2 Qg4 36.Qc2 Rh5
37.Nf4 Rh8 38.e6 Rf8 39.Qc8+ Ke7 40.Nxd5+  1-0

[Event "CZE-chT 9798"]
[Site "CZE"]
[Date "1998.03.08"]
[Round "9"]
[White "Turner, Jan"]
[Black "Trichkov, Vasil"]
[Result "1/2-1/2"]
[WhiteElo "2300"]
[BlackElo "2350"]

1.e4 c5 2.Nf3 d6 3.Bb5+ Nd7 4.O-O a6 5.Bxd7+ Bxd7 6.h3 Qc7 7.Re1 Bc6 8.d4 cxd4
9.Nxd4 Nf6 10.Nc3 e6 11.Nxc6 Qxc6 12.Nd5 Nd7 13.Re3 Nc5 14.a4 a5 15.Qd4 Rc8
16.b3 Qa6 17.Nc3 e5 18.Qd1 Be7 19.Nd5 Bd8 20.Ba3  1/2-1/2